Záhada stonajúcej jaskyne (Record no. 20824)
[ view plain ]
| 000 -LEADER | |
|---|---|
| fixed length control field | 02107cam a2200529 a 4500 |
| 001 - CONTROL NUMBER | |
| control field | 20824 |
| 003 - CONTROL NUMBER IDENTIFIER | |
| control field | VRT |
| 005 - DATE AND TIME OF LATEST TRANSACTION | |
| control field | 20260204164940.0 |
| 008 - FIXED-LENGTH DATA ELEMENTS--GENERAL INFORMATION | |
| fixed length control field | 240226s1991 xo a 000 f slo |
| 015 ## - NATIONAL BIBLIOGRAPHY NUMBER | |
| National bibliography number | SNBA1991/08 |
| 020 ## - INTERNATIONAL STANDARD BOOK NUMBER | |
| International Standard Book Number | 8006002622 |
| 020 ## - INTERNATIONAL STANDARD BOOK NUMBER | |
| International Standard Book Number | 8006002606 |
| 035 ## - SYSTEM CONTROL NUMBER | |
| System control number | SNK000008080 |
| 035 ## - SYSTEM CONTROL NUMBER | |
| System control number | urn:nbn:sk:snk-amjank |
| 035 ## - SYSTEM CONTROL NUMBER | |
| System control number | urn:nbn:sk:snk-am003e9v |
| 035 ## - SYSTEM CONTROL NUMBER | |
| System control number | 663CC9ED-E500-4A19-A795-8AE17AB9449A |
| 039 #9 - LEVEL OF BIBLIOGRAPHIC CONTROL AND CODING DETAIL [OBSOLETE] | |
| Level of rules in bibliographic description | 202501290635 |
| Level of effort used to assign nonsubject heading access points | csnk01 |
| Level of effort used to assign subject headings | 202402262011 |
| Level of effort used to assign classification | VLOAD |
| Level of effort used to assign subject headings | 202306161336 |
| Level of effort used to assign classification | AUTHORITY |
| Level of effort used to assign subject headings | 202305061445 |
| Level of effort used to assign classification | AUTHORITY |
| 040 ## - CATALOGING SOURCE | |
| Original cataloging agency | SNK |
| Language of cataloging | slo |
| Transcribing agency | SNK |
| Description conventions | AACR2 |
| 041 1# - LANGUAGE CODE | |
| Language code of text/sound track or separate title | slo |
| Language code of original | eng |
| 044 ## - COUNTRY OF PUBLISHING/PRODUCING ENTITY CODE | |
| MARC country code | xo |
| ISO country code | SK |
| 080 ## - UNIVERSAL DECIMAL CLASSIFICATION NUMBER | |
| Universal Decimal Classification number | 820 (73)-3(087.5) |
| Edition identifier | 1981 |
| 100 1# - MAIN ENTRY--PERSONAL NAME | |
| Personal name | Arden, William, |
| Dates associated with a name | 1924-2005 |
| Relationship | aut |
| 240 10 - UNIFORM TITLE | |
| Uniform title | Alfred Hitchcock and The Three Investigators in the Mystery of The Moaning Cave |
| Language of a work | Slovensky |
| 245 10 - TITLE STATEMENT | |
| Title | Záhada stonajúcej jaskyne |
| Statement of responsibility, etc. | William Arden podľa postáv Roberta Arthura ; z anglického originálu Alfred Hitchcock and The Three Investigators in the Mystery of The Moaning Cave preložil Ondrej Laurinc ; ilustroval Marián Oravec |
| 250 ## - EDITION STATEMENT | |
| Edition statement | 1. vyd. |
| 260 ## - PUBLICATION, DISTRIBUTION, ETC. | |
| Place of publication, distribution, etc. | Bratislava |
| Name of publisher, distributor, etc. | Mladé letá |
| Date of publication, distribution, etc. | 1991 |
| Place of manufacture | Martin |
| Manufacturer | Tlačiarne SNP |
| 300 ## - PHYSICAL DESCRIPTION | |
| Extent | 116 s. |
| Other physical details | ilustr. |
| Dimensions | 21 cm |
| 490 1# - SERIES STATEMENT | |
| Series statement | Klub mladých čitateľov |
| 490 1# - SERIES STATEMENT | |
| Series statement | Alfred Hitchcock a traja pátrači |
| 500 ## - GENERAL NOTE | |
| General note | Ilustr. na front. |
| 521 1# - TARGET AUDIENCE NOTE | |
| Target audience note | Pre čitateľov od 9 rokov |
| 655 #7 - INDEX TERM--GENRE/FORM | |
| Genre/form data or focus term | americké romány |
| Source of term | SNKPH |
| 655 #7 - INDEX TERM--GENRE/FORM | |
| Genre/form data or focus term | detektívne romány |
| Source of term | SNKPH |
| 655 #7 - INDEX TERM--GENRE/FORM | |
| Genre/form data or focus term | literatúra pre deti a mládež |
| Source of term | SNKPH |
| 700 1# - ADDED ENTRY--PERSONAL NAME | |
| Personal name | Laurinc, Ondrej |
| Relationship | trl |
| 700 1# - ADDED ENTRY--PERSONAL NAME | |
| Personal name | Oravec, Marián, |
| Dates associated with a name | 1958- |
| Relationship | ill |
| 700 1# - ADDED ENTRY--PERSONAL NAME | |
| Personal name | Arthur, Robert, |
| Dates associated with a name | 1909-1969 |
| Relationship | aut |
| 830 #0 - SERIES ADDED ENTRY--UNIFORM TITLE | |
| Uniform title | Klub mladých čitateľov |
| 830 #0 - SERIES ADDED ENTRY--UNIFORM TITLE | |
| Uniform title | Alfred Hitchcock a traja pátrači |
| 910 ## - USER-OPTION DATA (OCLC) | |
| User-option data | snk |
| 942 ## - ADDED ENTRY ELEMENTS (KOHA) | |
| Source of classification or shelving scheme | Dewey Decimal Classification |
| Koha item type | Krásna literatúra pre deti |
| Suppress in OPAC | No |
| 949 ## - LOCAL PROCESSING INFORMATION (OCLC) | |
| 6 | 17A0058001 |
| 9 | P60, <05>, [BOOK], {605} |
| a | snkSC 75171/3 D1 |
| b | snkKSP 5330/91 |
| s | 6100:20140925 |
| 949 ## - LOCAL PROCESSING INFORMATION (OCLC) | |
| 6 | 49505A01187 |
| a | lmsmopaj |
| b | lmsmopaj17348 |
| 949 ## - LOCAL PROCESSING INFORMATION (OCLC) | |
| 6 | 17A0975203 |
| a | snkSC 75171/3 |
| b | snkKSP 5329/91 |
| 949 ## - LOCAL PROCESSING INFORMATION (OCLC) | |
| 6 | 273K0269036 |
| a | svkpoA 151759 |
| b | svkpo373861 |
| o | PV 901/91 |
| 949 ## - LOCAL PROCESSING INFORMATION (OCLC) | |
| 6 | 270001000147000 |
| a | svkbbA 76189 |
| b | svkbbm 560095 |
| Stav vyradenia | Strata | Poškodenie | Spôsob nadobudnutia | Domovská knižnica | Aktuálna knižnica | Dátum nadobudnutia | Total checkouts | Čiarový kód exemplára | Date last seen | Typ exemplára |
|---|---|---|---|---|---|---|---|---|---|---|
| Dar | Obecná knižnica Belá-Dulice | Obecná knižnica Belá-Dulice | 04.02.2026 | 4735903372 | 04.02.2026 | Krásna literatúra pre deti |
